Municipalities of Jackson County, Wisconsin - Statistics

General Stats
  • This quiz has been taken 25 times
  • The average score is 15 of 31
Answers on the Map
Answers color-coded by a green-red scale on the quiz's map according to % correct below.
 
Answer Stats
Answer % Correct
Census Designated Place of Millston
100%
Census Designated Place of Sand Pillow
100%
City of Black River Falls
100%
Town of Alma
100%
Town of Hixton
100%
Town of Melrose
100%
Town of Millston
100%
Village of Alma Center
100%
Village of Hixton
100%
Village of Melrose
100%
Village of Taylor
100%
Census Designated Place of Hatfield
50%
Census Designated Place of Mission
50%
Town of Adams
50%
Town of Brockway
50%
Town of City Point
50%
Town of Irving
50%
Town of Northfield
50%
Village of Merrillan
50%
Town of Albion
0%
Town of Bear Bluff
0%
Town of Cleveland
0%
Town of Curran
0%
Town of Franklin
0%
Town of Garden Valley
0%
Town of Garfield
0%
Town of Knapp
0%
Town of Komensky
0%
Town of Manchester
0%
Town of North Bend
0%
Town of Springfield
0%
No matching quizzes found
Score Distribution
Percent of People with Each Score
Percentile by Number Answered
Your Score History
You have not taken this quiz